Phytolith analysis : an archaeological and geological perspective /

Bibliographic Details
Main Author: Piperno, Dolores R.
Format: Book
Language:English
Published: San Diego : Academic Press, [1988]
Subjects:

MARC

Tag First Indicator Second Indicator Subfields
LEADER 00000cam a2200000 a 4500
001 in00000017788
005 20151007053516.0
008 870420s1988 caua b 00110 eng
010 |a  87011353  
020 |a 0125571755 (alk. paper) 
035 |a (OCoLC)15630885 
035 |9 AAB1905AM 
040 |a DLC  |c DLC  |d TXA  |d UtOrBLW 
049 |a TXAM  |c [A11048050] 
050 0 0 |a CC77.5  |b .P56 1988 
082 0 |a 930.1  |2 19 
100 1 |a Piperno, Dolores R. 
245 1 0 |a Phytolith analysis :  |b an archaeological and geological perspective /  |c Dolores R. Piperno. 
264 1 |a San Diego :  |b Academic Press,  |c [1988] 
264 4 |c ©1988 
300 |a xii, 280 pages :  |b illustrations ;  |c 25 cm. 
336 |a text  |b txt  |2 rdacontent 
337 |a unmediated  |b n  |2 rdamedia 
338 |a volume  |b nc  |2 rdacarrier 
504 |a Bibliography: pages 260-275. 
500 |a Includes index. 
650 0 |a Archaeological geology. 
650 0 |a Plant remains (Archaeology) 
999 |a MARS 
999 f f |s daa83491-fede-3cd3-872a-b7eb900b48f2  |i 994772a5-9a87-34e9-bdf2-9ea02388efff  |t 0 
952 f f |p normal  |a Texas A&M University  |b College Station  |c Sterling C. Evans Library  |d Evans: Library Stacks  |t 0  |e CC77.5 .P56 1988  |h Library of Congress classification  |i unmediated -- volume  |m A14811048050 
998 f f |a CC77.5 .P56 1988  |t 0  |l Evans: Library Stacks